Le 7 meraviglie del mondo antico - Statistics

Statistiche generali
  • Questo quiz è stato fatto 3.073 volte
  • Il punteggio medio è 4 su 7
Statistiche sulle risposte
Meraviglie del mondo antico % Corretto
Grande {Piramide} di Giza
99%
Statua di {Zeus} ad Olimpia
75%
{Colosso} di Rodi
73%
{Giardini} {Pensili} di Babilonia
67%
{Faro} di Alessandria
58%
{Mausoleo} di Alicarnasso
40%
Tempio di {Artemide} ad Efeso
32%
Nessun quiz corrispondente trovato
Distribuzione punteggi
Percentuale di utenti per punteggio
Percentile per numero di risposta
I tuoi punteggi nel tempo
Non hai fatto questo quiz